[Event "Le Mans op"]
[Site "Le Mans "]
[Date "2001.12.28"]
[Round "4"]
[White "Sevin, Steve"]
[Black "Deslandes, Jeremy"]
[Result "1-0"]
[WhiteElo "1420"]
[BlackElo "1500"]
[PlyCount "103"]
[EventDate "2001.12.26"]
[EventType "swiss"]
[EventRounds "9"]
[EventCountry "FRA"]
[SourceTitle "EXT 2008"]
[Source "ChessBase"]
[SourceDate "2007.11.25"]
[SourceVersion "1"]
[SourceVersionDate "2007.11.25"]
[SourceQuality "1"]

1. e4 e5 2. Nf3 Nc6 3. Bc4 Bc5 4. d3 h6 5. Nc3 d6 6. h3 Nf6 7. 0-0 0-0 8. Nh4 Nxe4 9. Nxe4 Qxh4 10. c3 Bf5 11. Nxc5 dxc5 12. Be3 b6 13. Bd5 Bd7 14. Qf3 Qf6 15. Qxf6 gxf6 16. Bxh6 Rfe8 17. f4 Kh7 18. fxe5 Rxe5 19. Bxc6 Bxc6 20. Rxf6 Bd5 21. c4 Be6 22. Bd2 Re2 23. Bc3 Re3 24. Rf3 Rxf3 25. gxf3 Bxh3 26. Kf2 Be6 27. Rh1+ Kg6 28. Ke3 Re8 29. Kf4 Rd8 30. Rg1+ Kh6 31. Ke4 c6 32. f4 Bc8 33. f5 Rd4+ 34. Bxd4 cxd4 35. Kxd4 Bxf5 36. Rf1 Bg6 37. Rf6 c5+ 38. Kc3 Kh5 39. b4 Kg5 40. Rf2 f5 41. bxc5 bxc5 42. d4 cxd4+ 43. Kxd4 f4 44. Ke5 Kh6 45. Rxf4 a5 46. c5 Be8 47. Rf6+ Kg7 48. Ra6 a4 49. c6 Bxc6 50. Rxc6 Kf7 51. Ra6 a3 52. Rxa3 1-0

[Event "Le Mans op"]
[Site "Le Mans "]
[Date "2001.12.27"]
[Round "2"]
[White "Riverais, Gerald"]
[Black "Deslandes, Jeremy"]
[Result "1/2-1/2"]
[WhiteElo "1800"]
[BlackElo "1500"]
[PlyCount "104"]
[EventDate "2001.12.26"]
[EventType "swiss"]
[EventRounds "9"]
[EventCountry "FRA"]
[SourceTitle "EXT 2008"]
[Source "ChessBase"]
[SourceDate "2007.11.25"]
[SourceVersion "1"]
[SourceVersionDate "2007.11.25"]
[SourceQuality "1"]

1. e4 e5 2. Nf3 Nc6 3. Bc4 Bc5 4. c3 Qf6 5. 0-0 d6 6. d3 h6 7. Be3 Bb6 8. Nbd2 Qg6 9. Kh1 Nf6 10. Bb3 Ng4 11. Bxb6 axb6 12. Bc2 h5 13. a3 h4 14. h3 Nf6 15. d4 Qh5 16. Re1 g5 17. Nf1 g4 18. hxg4 Bxg4 19. N1h2 h3 20. g3 Bxf3+ 21. Qxf3 Qxf3+ 22. Nxf3 Ng4 23. Rf1 f6 24. d5 Ne7 25. Nh4 Kf7 26. Bd1 Rag8 27. Rc1 Rg5 28. c4 Ng6 29. Nf5 Ne7 30. Bxg4 Rxg4 31. Ne3 Rxe4 32. Kh2 Kg6 33. b4 Rd4 34. Rfd1 Rxd1 35. Rxd1 Nf5 36. Nc2 Kg5 37. Rd3 Rh7 38. Ne1 Nd4 39. f4+ Kg4 40. Re3 Nf5 41. Rc3 exf4 42. gxf4 Kxf4 43. Nd3+ Kg5 44. Nf2 Nd4 45. Ne4+ Kf5 46. Nf2 Nc2 47. Rf3+ Kg6 48. Nxh3 Nd4 49. Rg3+ Kf7 50. Kg1 Nf5 51. Re3 Nh4 52. Kf2 Nf5 1/2-1/2